<The> World almanac and book of facts 1999

Na minha lista:
Detalhes bibliográficos
Formato: Livro
Idioma:inglês
Publicado em: Mahwah World Almanac Books 1998
Tags: Adicionar Tag
Sem tags, seja o primeiro a adicionar uma tag!

MARC

LEADER 00000nam a2200000 4500
001 c106206
005 20230314080716.9
020 |a 0-88687-832-2 
041 0 |a eng 
044 |a US 
245 1 0 |a <The> World almanac and book of facts 1999 
264 1 |a Mahwah  |b World Almanac Books  |c 1998 
300 |a 1007 s.